SAVE THE PLANET! : (Record no. 185178)
[ view plain ]
| 000 -LEADER | |
|---|---|
| fixed length control field | 01246nam a22003371i 4500 |
| 005 - DATE AND TIME OF LATEST TRANSACTION | |
| control field | 20211003085029.0 |
| 008 - FIXED-LENGTH DATA ELEMENTS--GENERAL INFORMATION | |
| fixed length control field | 211003t2020 it a|||j ||| 000 0 eng d |
| 020 ## - INTERNATIONAL STANDARD BOOK NUMBER | |
| International Standard Book Number | 9788854416574 |
| Terms of availability | RM 67.90 |
| Qualifying information | hardback |
| 040 ## - CATALOGING SOURCE | |
| Original cataloging agency | PPAK |
| Language of cataloging | eng |
| Transcribing agency | PPAK |
| Description conventions | rda |
| 082 04 - DEWEY DECIMAL CLASSIFICATION NUMBER | |
| Edition number | 23 |
| Classification number | 363.728 |
| 090 00 - LOCALLY ASSIGNED LC-TYPE CALL NUMBER (OCLC); LOCAL CALL NUMBER (RLIN) | |
| Classification number (OCLC) (R) ; Classification number, CALL (RLIN) (NR) | 363.728 |
| Feature heading | SAV |
| Feature heading | RK |
| 245 00 - TITLE STATEMENT | |
| Title | SAVE THE PLANET! : |
| Remainder of title | paper / |
| Statement of responsibility, etc. | Edited by Paolo Mancini and Luca de Leone ; Illustrations by Federica Fabbian ; TRANSLATION: KATHERINE KIRBY |
| 246 33 - VARYING FORM OF TITLE | |
| Title proper/short title | Paper |
| 264 #1 - PRODUCTION, PUBLICATION, DISTRIBUTION, MANUFACTURE, AND COPYRIGHT NOTICE | |
| Place of production, publication, distribution, manufacture | Milan, Italy : |
| Name of producer, publisher, distributor, manufacturer | White Star Kids, |
| Date of production, publication, distribution, manufacture, or copyright notice | [2020] |
| Date of production, publication, distribution, manufacture, or copyright notice | ©2020 |
| 300 ## - PHYSICAL DESCRIPTION | |
| Extent | 24 unnumbered pages : |
| Other physical details | colour illustrations ; |
| Dimensions | 22 cm. |
| 336 ## - CONTENT TYPE | |
| Source | rdacontent |
| Content type term | text |
| -- | still images |
| 337 ## - MEDIA TYPE | |
| Source | rdamedia |
| Media type term | unmediated |
| 338 ## - CARRIER TYPE | |
| Source | rdacarrier |
| Carrier type term | volume |
| 490 1# - SERIES STATEMENT | |
| Series statement | Save the Planet! Turn the wheel |
| 500 ## - GENERAL NOTE | |
| General note | "Includes 5 turn-the-wheel spreads"--Cover.<br/>Cover title. |
| 546 ## - LANGUAGE NOTE | |
| Language note | Translated from the Italian. |
| 650 10 - SUBJECT ADDED ENTRY--TOPICAL TERM | |
| Topical term or geographic name entry element | Waste paper |
| General subdivision | Recycling |
| Form subdivision | Juvenile literature |
| 655 #0 - INDEX TERM--GENRE/FORM | |
| Genre/form data or focus term | Board books. |
| 700 1# - ADDED ENTRY--PERSONAL NAME | |
| Personal name | Mancini, Paolo, |
| Relator term | editor |
| Personal name | De Leone, Luca, |
| Relator term | editor |
| Personal name | Fabbian, Federica, |
| Relator term | illustrator |
| Personal name | Kirby, Katherine, |
| Relator term | translator |
| 830 #0 - SERIES ADDED ENTRY--UNIFORM TITLE | |
| Uniform title | Save the Planet! Turn the wheel |
| 942 ## - ADDED ENTRY ELEMENTS (KOHA) | |
| Source of classification or shelving scheme | Dewey Decimal Classification |
| Koha item type | Book |
| Withdrawn | Not for loan | Current library | Shelving location | Date acquired | Full call number | Barcode | Date last seen | Koha item type |
|---|---|---|---|---|---|---|---|---|
| Not For Loan | Perpustakaan Alor Setar | Rujukan Kanak-kanak | 15/11/2021 | RK 363.728 SAV | A01700802 | 15/11/2021 | Book | |
| Not For Loan | Perpustakaan Awam Sungai Petani | Rujukan Kanak-kanak | 15/11/2021 | RK 363.728 SAV | A01700803 | 15/11/2021 | Book |